000 01207 a2200217 4500
003 Nust
005 20251111110523.0
010 _a 95015535
020 _a 81-7808-835-5
040 _cNust
082 0 0 _a621.38152,FLO
100 1 _aFloyd, Thomas L.
_910192
245 1 0 _aElectronic devices /
_cThomas L. Floyd.
250 _a6th ed.
260 _a Islamabad
_b National Book Foundations
_cc1996.
300 _a993p
_bill. (some col.) ;
_c26 cm.
505 _aIntroduction to Semiconductors (Page-1), Diode Applications (Page-48), Special Purpose Diodes (Page-112), Bipolar Junction Transistors BJTs (Page-168), Transistor Bias Circuits (Page-222), BJT Amplifiers (Page-266), Field Effect Transistors FETs (Page-326), FET Amplifiers (Page-386), Power Amplifiers (Page-426), Amplifiers Frequency Response (Page-474), Thrusters and Other Devices (Page-532), Operational Amplifiers (Page-580), Basic OP-Amp Applications (Page-642), Special Purpose OP-Amp Circuits (Page-692), Active Filter (Page-734), Oscillators (Page-772), Communication Circuits (Page-818), Voltage Regulators (Page-874),
650 0 _aSolid state electronics.
_910194
650 0 _aTelecommunication Engineering
942 _2ddc
_cBK
999 _c179147
_d179147